Forest statistics for the mountains of North Carolina, 1990 /

Bibliographic Details
Main Author: Johnson, Tony G.
Corporate Author: Southeastern Forest Experiment Station (Asheville, N.C.)
Format: Government Document Book
Language:English
Published: Asheville, N.C. (P.O. Box 2680, Asheville, N.C.) : U.S. Dept. of Agriculture, Forest Service, Southeastern Forest Experiment Station, [1991]
Series:Resource bulletin SE ; 118.
Subjects:

MARC

Tag First Indicator Second Indicator Subfields
LEADER 00000cam a2200000 a 4500
001 in00001028564
005 20150928120557.0
008 910923s1991 ncu s f000 0 eng d
010 |a (DG91086075  
035 |a (OCoLC)24435455 
035 |9 AFF6700AM 
040 |a GPO  |c GPO  |d DLC  |d UtOrBLW 
043 |a n-us-nc 
074 |a 83-B-5 
086 0 |a A 13.80:SE-118 
100 1 |a Johnson, Tony G. 
245 1 0 |a Forest statistics for the mountains of North Carolina, 1990 /  |c Tony G. Johnson. 
264 1 |a Asheville, N.C. (P.O. Box 2680, Asheville, N.C.) :  |b U.S. Dept. of Agriculture, Forest Service, Southeastern Forest Experiment Station,  |c [1991] 
300 |a vi, 52 pages ;  |c 28 cm. 
336 |a text  |b txt  |2 rdacontent 
337 |a unmediated  |b n  |2 rdamedia 
338 |a volume  |b nc  |2 rdacarrier 
490 1 |a Resource bulletin SE ;  |v 118 
500 |a Shipping list number: 91-480-P. 
500 |a "June 1991"--Title page verso. 
650 0 |a Forests and forestry  |z North Carolina  |x Statistics. 
650 0 |a Timber  |z North Carolina  |x Statistics. 
710 2 |a Southeastern Forest Experiment Station (Asheville, N.C.) 
830 0 |a Resource bulletin SE ;  |v 118. 
999 |a MARS 
999 f f |s eb32c766-4e51-3932-a615-b52327bd8a33  |i 46058af7-4ffd-38d9-b121-b7492eda062c  |t 0 
952 f f |p normal  |a Texas A&M University  |b College Station  |c Sterling C. Evans Library  |d Evans: US Documents (Annex 5th floor)  |t 0  |e A 13.80: SE-118  |h Superintendent of Documents classification  |i unmediated -- volume  |m A14814887796 
998 f f |a A 13.80: SE-118  |t 0  |l Evans: US Documents (Annex 5th floor)